<?xml version="1.0" encoding="UTF-8"?>
<record
    xmlns:xsi="http://www.w3.org/2001/XMLSchema-instance"
    xsi:schemaLocation="http://www.loc.gov/MARC21/slim http://www.loc.gov/standards/marcxml/schema/MARC21slim.xsd"
    xmlns="http://www.loc.gov/MARC21/slim">

  <leader>08572cam a22004454a 4500</leader>
  <controlfield tag="001">14369021</controlfield>
  <controlfield tag="003">PILC</controlfield>
  <controlfield tag="005">20150112093448.0</controlfield>
  <controlfield tag="008">060508s2008    njua     b    001 0 eng  </controlfield>
  <datafield tag="010" ind1=" " ind2=" ">
    <subfield code="a">  2006014655</subfield>
  </datafield>
  <datafield tag="015" ind1=" " ind2=" ">
    <subfield code="a">GBA698357</subfield>
    <subfield code="2">bnb</subfield>
  </datafield>
  <datafield tag="016" ind1="7" ind2=" ">
    <subfield code="a">013607619</subfield>
    <subfield code="2">Uk</subfield>
  </datafield>
  <datafield tag="020" ind1=" " ind2=" ">
    <subfield code="a">0471694177 (cloth/cd)</subfield>
  </datafield>
  <datafield tag="020" ind1=" " ind2=" ">
    <subfield code="a">9780471694175 (cloth/cd)</subfield>
  </datafield>
  <datafield tag="035" ind1=" " ind2=" ">
    <subfield code="a">(OCoLC)ocm68711967</subfield>
  </datafield>
  <datafield tag="035" ind1=" " ind2=" ">
    <subfield code="a">(OCoLC)68711967</subfield>
  </datafield>
  <datafield tag="040" ind1=" " ind2=" ">
    <subfield code="a">DLC</subfield>
    <subfield code="c">DLC</subfield>
    <subfield code="d">BAKER</subfield>
    <subfield code="d">BTCTA</subfield>
    <subfield code="d">C#P</subfield>
    <subfield code="d">YDXCP</subfield>
    <subfield code="d">COO</subfield>
    <subfield code="d">UKM</subfield>
    <subfield code="d">DLC</subfield>
  </datafield>
  <datafield tag="042" ind1=" " ind2=" ">
    <subfield code="a">pcc</subfield>
  </datafield>
  <datafield tag="050" ind1="0" ind2="0">
    <subfield code="a">TX 911.3.C65</subfield>
    <subfield code="b">.M55 2008</subfield>
  </datafield>
  <datafield tag="082" ind1="0" ind2="0">
    <subfield code="a">647.95068/1</subfield>
  </datafield>
  <datafield tag="100" ind1="1" ind2=" ">
    <subfield code="a">Dopson, Lea R.</subfield>
  </datafield>
  <datafield tag="245" ind1="1" ind2="0">
    <subfield code="a">Food and beverage cost control /</subfield>
    <subfield code="c">Lea R. Dopson, David K. Hayes, Jack E. Miller.</subfield>
  </datafield>
  <datafield tag="250" ind1=" " ind2=" ">
    <subfield code="a">4th ed.</subfield>
  </datafield>
  <datafield tag="260" ind1=" " ind2=" ">
    <subfield code="a">Hoboken, N.J. :</subfield>
    <subfield code="b">John Wiley &amp; Sons,</subfield>
    <subfield code="c">2008.</subfield>
  </datafield>
  <datafield tag="300" ind1=" " ind2=" ">
    <subfield code="a">xxxv, 587 pages :</subfield>
    <subfield code="b">illustration ;</subfield>
    <subfield code="c">25 cm. +</subfield>
    <subfield code="e">1 CD-ROM (4 3/4 in.)</subfield>
  </datafield>
  <datafield tag="500" ind1=" " ind2=" ">
    <subfield code="a">"Published simultaneously in Canada"--T.p. verso.</subfield>
  </datafield>
  <datafield tag="500" ind1=" " ind2=" ">
    <subfield code="a">Jack E. Miller appeared as the first author on 2nd and 3rd ed.s.</subfield>
  </datafield>
  <datafield tag="504" ind1=" " ind2=" ">
    <subfield code="a">Includes bibliographical references (p. 579-582) and index.</subfield>
  </datafield>
  <datafield tag="505" ind1="0" ind2=" ">
    <subfield code="a">Before you start: how to use spreadsheets -- Managing revenue and expense -- Professional foodservice manager -- Profit: the reward for service -- Getting started -- Understanding the income (profit and loss) statement -- Understanding the budget -- Determining sales forecasts -- Importance of forecasting sales -- Sales history -- Maintaining sales histories -- Sales variances -- Predicting future sales -- Managing the cost of food -- Menu item forecasting -- Standardized recipes -- Inventory control -- Purchasing -- Receiving -- Storage -- Determining actual food expense -- Managing the cost of beverages -- Serving alcoholic beverages -- Forecasting beverage sales -- Standardized drink recipes and portions -- Purchasing beverage products -- Receiving beverage products -- Storing beverage products -- Bar transfers -- Computing cost of beverages -- Special features of liquor inventory -- Sales mix --</subfield>
  </datafield>
  <datafield tag="505" ind1="0" ind2=" ">
    <subfield code="a">Managing the food and beverage production process -- Product issuing -- Inventory control -- Managing the food production area -- Managing the beverage production area -- Employee theft -- Determining actual and attainable product costs -- Reducing overall product cost percentage -- Managing food and beverage pricing -- Menu formats -- Factors affecting menu pricing -- Assigning menu prices -- Special pricing situations -- Managing the cost of labor -- Labor expense in the hospitality industry -- Evaluating labor productivity -- Maintaining a productive workforce -- Measuring current labor productivity -- Managing payroll costs -- Reducing labor-related costs -- Controlling other expenses -- Managing other expenses -- Fixed, variable, and mixed other expenses -- Controllable and noncontrollable other expenses -- Monitoring other expenses -- Reducing other expenses -- Analyzing results using the income statement -- Introduction to financial analysis -- Uniform system of accounts -- Income statement (usar) -- Analysis of sales/volume -- Analysis of food expense -- Analysis of beverage expense -- Analysis of labor expense -- Analysis of other expenses -- Analysis of profits -- Planning for profit -- Financial analysis and profit planning -- Menu analysis -- Cost/volume/profit analysis -- The budget -- Developing the budget -- Monitoring the budget -- Maintaining and improving the revenue control system -- Revenue security -- External threats to revenue security -- Internal threats to revenue security -- Developing the revenue security system -- The complete revenue security system -- Global dimensions of management and the role of technology -- Multinational foodservice operations -- Management challenges in a global economy -- Advances in technology and information management -- Selecting advanced technology products -- Monitoring developments in cost control technology -- Appendix A:  Frequently used formulas for managing operations -- Appendix B: Management control forms -- Appendix C: Fun on the web! sites.</subfield>
  </datafield>
  <datafield tag="505" ind1="0" ind2=" ">
    <subfield code="a">Before you start: how to use spreadsheets -- Managing revenue and expense -- Professional foodservice manager -- Profit: the reward for service -- Getting started -- Understanding the profit and loss statement -- Understanding the budget -- Key terms and concepts -- Apply what you have learned -- Test your skills -- Determining sales forecasts -- Importance of forecasting sales -- Sales history -- Maintaining sales histories -- Sales variances -- Predicting future sales -- Technology tools -- Apply what you have learned -- Key terms and concepts -- Test your skills -- Managing the cost of food -- Menu item forecasting -- Standardized recipes -- Inventory control -- Purchasing -- Receiving -- Storage -- Determining actual food expense -- Technology tools -- Apply what you have learned -- Key terms and concepts -- Test your skills -- Managing the cost of beverages -- Serving alcoholic beverages -- Forecasting beverage sales -- Standardized drink recipes and portions -- Purchasing beverage products -- Receiving beverage products -- Storing beverage products -- Bar transfers -- Computing cost of beverages -- Special features of liquor inventory -- Sales mix -- Technology tools -- Apply what you have learned -- Key terms and concepts -- Test your skills.</subfield>
  </datafield>
  <datafield tag="505" ind1="0" ind2=" ">
    <subfield code="a">Managing the food and beverage production process -- Product issuing -- Inventory control -- Managing the food production area -- Managing the beverage production area -- Employee theft -- Determining actual and attainable product costs -- Reducing overall product cost percentage -- Technology tools -- Apply what you have learned -- Key terms and concepts -- Test your skills -- Managing food and beverage pricing -- Menu formats -- Factors affecting menu pricing -- Assigning menu prices -- Special pricing situations -- Technology tools -- Apply what you have learned -- Key terms and concepts -- Test your skills -- Managing the cost of labor -- Labor expense in the hospitality industry -- Evaluating labor productivity -- Maintaining a productive workforce -- Measuring current labor productivity -- Managing payroll costs -- Reducing labor-related costs -- Technology tools -- Apply what you have learned -- Key terms and concepts -- Test your skills -- Controlling other expenses -- Managing other expenses -- Fixed, variable, and mixed other expenses -- Controllable and noncontrollable other expenses -- Monitoring other expenses -- Reducing other expenses -- Technology tools -- Apply what you have learned -- Key terms and concepts -- Test your skills -- Analyzing results using the income statement -- Introduction to financial analysis -- Uniform system of accounts -- Income statement (usar) -- Analysis of sales/volume -- Analysis of food expense -- Analysis of beverage expense -- Analysis of labor expense -- Analysis of other expenses -- Analysis of profits -- Technology tools -- Apply what you have learned -- Key terms and concepts -- Test your skills -- Planning for profit -- Financial analysis and profit planning -- Menu analysis -- Cost/volume/profit analysis -- The budget -- Developing the budget -- Monitoring the budget -- Technology tools -- Apply what you have learned -- Key terms and concepts -- Test your skills -- Maintaining and improving the revenue control system -- Revenue security -- External threats to revenue security -- Internal threats to revenue security -- Developing the revenue security system -- The complete revenue security system -- Technology tools -- Apply what you have learned -- Key terms and concepts -- Test your skills -- Global dimensions of management &amp; the role of technology -- Multi-national foodservice operations -- Management challenges in a global economy -- Advances in technology and information management -- Selecting advanced technology products -- Monitoring developments in cost control technology -- Apply what you have learned -- Key terms and concepts -- Test your skills -- Appendix A:  Frequently used formulas for managing operations -- Appendix B: Mmanagement control forms -- Appendix C: Fun on the web! sites.</subfield>
  </datafield>
  <datafield tag="650" ind1=" " ind2="0">
    <subfield code="a">Food service</subfield>
    <subfield code="x">Cost control.</subfield>
  </datafield>
  <datafield tag="700" ind1="1" ind2=" ">
    <subfield code="a">Hayes, David K.</subfield>
  </datafield>
  <datafield tag="700" ind1="1" ind2=" ">
    <subfield code="a">Miller, Jack E.,</subfield>
    <subfield code="d">1930-</subfield>
  </datafield>
  <datafield tag="856" ind1="4" ind2="1">
    <subfield code="3">Table of contents only</subfield>
    <subfield code="u">http://www.loc.gov/catdir/toc/ecip0613/2006014655.html</subfield>
  </datafield>
  <datafield tag="906" ind1=" " ind2=" ">
    <subfield code="a">7</subfield>
    <subfield code="b">cbc</subfield>
    <subfield code="c">orignew</subfield>
    <subfield code="d">1</subfield>
    <subfield code="e">ecip</subfield>
    <subfield code="f">20</subfield>
    <subfield code="g">y-gencatlg</subfield>
  </datafield>
  <datafield tag="942" ind1=" " ind2=" ">
    <subfield code="2">lcc</subfield>
    <subfield code="c">BK</subfield>
  </datafield>
  <datafield tag="999" ind1=" " ind2=" ">
    <subfield code="c">276694</subfield>
    <subfield code="d">276694</subfield>
  </datafield>
  <datafield tag="952" ind1=" " ind2=" ">
    <subfield code="0">0</subfield>
    <subfield code="1">0</subfield>
    <subfield code="2">lcc</subfield>
    <subfield code="4">0</subfield>
    <subfield code="a">SFU</subfield>
    <subfield code="b">SFU</subfield>
    <subfield code="c">SFU</subfield>
    <subfield code="d">2014-10-28</subfield>
    <subfield code="l">0</subfield>
    <subfield code="o">TX 911.3.C65 .M55 2008</subfield>
    <subfield code="p">SFU1598</subfield>
    <subfield code="r">2018-05-15 00:00:00</subfield>
    <subfield code="w">2014-10-28</subfield>
    <subfield code="y">BK</subfield>
  </datafield>
</record>
